000 00916nam a22002777a 4500
001 00002416
003 DO-SdBPM
005 20250521132730.0
007 00002416
008 160524b 2001 cl 00| 0 spa d
020 _a0789909480
040 _a DO-SdBPM
_bspa
_cBPMSU
041 1 7 _aspa
_heng
082 _a241.2
_bW686o 2001
_222
100 1 _aWilkinson, Bruce
240 1 0 _aThe prayer of Jabez.
_lEspañol
245 1 0 _aLa oración de Jabes :
_bcómo entrar a una vida de benedición /
_cBruce H. Wilkinson ; traducido al español por, Pablo Barreto.
260 _aColombia :
_bUnilit,
_c2001.
300 _a94 p. ;
_c17 cm.
500 _aOriginalmente publicado en inglés con el título: The prayer of Jabez
590 _aInventariado, 2025/VM
650 4 _a Religión
_xVida espiritual
700 1 _aBarreto, Pablo,
_e traductor
910 _aVMateo V. Control de calidad. BPMSU
942 _2ddc
_cBK
999 _c10204
_d10204